Normal view
MARC view
Entry Nombre personal
001 - NÚMERO DE CONTROL
- campo de control: 86475
003 - IDENTIFICADOR DE NÚMERO DE CONTROL
- campo de control: OSt
005 - FECHA Y HORA DE LA ÚLTIMA TRANSACCIÓN
- campo de control: 20250728144752.0
008 - ELEMENTOS DE DATO DE LONGITUD-FIJA
- campo de control de longitud fija: 030304 n acnnnaaan n ann d
040 ## - FUENTE DE CATALOGACIÓN
- Centro catalogador/agencia de origen: OSt
- Centro/agencia transcriptor: OSt
100 1# - ENCABEZAMIENTO-NOMBRE DE PERSONA
- Nombre de persona: Ochoa, Enrique,
- Fechas asociadas al nombre: 1890-1978
400 1# - TRAZADO DE VÉASE--NOMBRE DE PERSONA
- Nombre de persona: Esteve Ochoa, Enrique (
- Fechas asociadas al nombre: 1890-1978)
400 1# - TRAZADO DE VÉASE--NOMBRE DE PERSONA
- Nombre de persona: Ochoa (
- Fechas asociadas al nombre: 1890-1978)
